Billboard Number One Hits of the 1970's - Statistics

General Stats
  • This quiz has been taken 146 times
  • The average score is 145 of 253
Answer Stats
Answer % Correct
Ben | Don't Stop 'Til You Get Enough Michael Jackson
98%
Pop Musik M
96%
How Can You Mend A Broken Heart | How Deep Is Your Love | Jive Talkin' | +6 others Bee Gees
95%
Seasons In The Sun Terry Jacks
95%
Let It Be | The Long And Winding Road/ For You Blue The Beatles
94%
ABC | I Want You Back | I'll Be There | The Love You Save The Jackson 5
93%
Bennie And The Jets | Crocodile Rock | Island Girl | +2 others Elton John
92%
Sad Eyes Robert John
90%
You're So Vain Carly Simon
89%
American Pie Don Mclean
89%
Band On The Run | Listen To What The Man Said | My Love Paul McCartney & Wings
89%
50 Ways To Leave Your Lover Paul Simon
89%
Best Of My Love | Heartache Tonight | Hotel California | +2 others Eagles
87%
I Wish | Sir Duke | Superstition | +2 others Stevie Wonder
87%
Dancing Queen Abba
86%
Got To Give It Up (Part 1) | Let's Get It On Marvin Gaye
86%
Bridge Over Troubled Water Simon & Garfunkel
84%
Da Ya Think I'm Sexy? | Maggie May/ Reason To Believe | Tonight's The Night (Gonna Be Alright) Rod Stewart
83%
Angie | Brown Sugar | Miss You The Rolling Stones
83%
Good Times | Le Freak Chic
82%
Silly Love Songs | With A Little Luck Wings
82%
Give Me Love (Give Me Peace On Earth) | My Sweet Lord/ Isn't It A Pity George Harrison
81%
Me And Bobby McGee Janis Joplin
81%
I Will Survive Gloria Gaynor
79%
Photograph | You're Sixteen Ringo Starr
77%
Rock'n Me | The Joker Steve Miller Band
77%
A Horse With No Name | Sister Golden Hair America
76%
Heart Of Glass Blondie
75%
Ain't No Mountain High Enough | Love Hangover | Theme From Mahogany (Do You Know Where You're Going To) | Touch Me In The Morning Diana Ross
75%
Dark Lady | Gypsies, Tramps & Thieves | Hald-Breed Cher
74%
Bad Girls | Hot Stuff | MacArthur Park Donna Summer
74%
(They Long To Be) Close To You | Please Mr Postman | Top Of The World The Carpenters
74%
Love Theme from A Star Is Born (Evergreen) | The Way We Were Barbra Streisand
73%
War Edwin Starr
73%
Have You Never Been Mellow | I Honestly Love You Olivia Newton-John
73%
I Shot The Sheriff Eric Clapton
72%
Annie's Song | I'm Sorry | Sunshine On My Shoulders | Thank God I'm A Country Boy John Denver
72%
If You Leave Me Now Chicago
71%
Don't Go Breaking My Heart Elton John & Kiki Dee
71%
(Shake Shake Shake) Shake Your Booty | Get Down Tonight | I'm Your Boogie Man | That's The Way (I Like It) KC & The Sunshine Band
71%
Blinded By The Light Manfred Mann's Earth Band
71%
Rhinestone Cowboy | Southern Nights Glen Campbell
70%
My Sharona The Knack
70%
Knock On Wood Amii Stewart
69%
Rich Girl Daryl Hall & John Oates
69%
Dreams Fleetwood Mac
69%
Cracklin' Rosie | Song Sung Blue Neil Diamond
69%
I Write The Songs | Looks Like We Made It | Mandy Barry Manilow
68%
You're The One That I Want John Travolta & Olivia Newton-John
68%
The Tears Of A Clown Smokey Robinson & The Miracles
68%
Love Machine The Miracles
68%
Bad, Bad Leroy Brown | Time In A Bottle Jim Croce
67%
Heart Of Gold Neil Young
66%
Feel Like Makin' Love | Killing Me Softly With His Song | The First Time Ever I Saw Your Face Roberta Flack
66%
Black Water | What A Fool Believes The Doobie Brothers
65%
Just My Imagination (Running Away With Me) | Papa Was A Rollin' Stone The Temptations
65%
Black And White | Joy To The World | Mama Told Me (Not To Come) Three Dog Night
65%
Me And Mrs Jones Billy Paul
64%
It's Too Late/ I Feel The Earth Move Carole King
64%
Grease | My Eyes Adored You Frankie Valli
62%
Love Will Keep Us Together Captain & Tennille
61%
Midnight Train To Georgia Gladys Knight & The Pips
61%
December 1963 (Oh What A Night) The Four Seasons
61%
Lean On Me Bill Withers
60%
My Ding-A-Ling Chuck Berry
60%
American Woman/ No Sugar Tonight The Guess Who
60%
Escape (The Pina Colada Song) Rupert Holmes
58%
(Love Is) Thicker Than Water | I Just Want To Be Your Everything | Shadow Dancing Andy Gibb
57%
Kung Fu Fighting Carl Douglas
57%
Whatever Gets You Thru The Night John Lennon
56%
Family Affair | Thank You (Falettinme Be Mice Elf Again)/ Everybody Is A Star Sly & The Family Stone
56%
Let's Stay Together Al Green
54%
You've Got A Friend James Taylor
54%
Play That Funky Music Wild Cherry
53%
Can't Get Enough Of Your Love, Babe Barry White
52%
(Hey Won't You Play) Another Somebody Done Somebody Wrong Song | Raindrops Keep Fallin' On My Head B.J Thomas
52%
Fame David Bowie
52%
You Ain't Seen Nothin' Yet Bachman-Turner Overdrive
51%
Still | Three Times A Lady Commodores
51%
Uncle Albert/ Admiral Halsey Paul McCartney & Linda McCartney
51%
He Don't Love You (Like I Love You) | Knock Three Times | Tie A Yellow Ribbon Round The Old Oak Tree Tony Orlando & Dawn
50%
Shining Star Earth, Wind & Fire
49%
The Loco-Motion | We're An American Band Grand Funk
49%
Brandy (You're A Fine Girl) Looking Glass
48%
Babe Styx
48%
Disco Lady Johnnie Taylor
47%
I Can See Clearly Now Johnny Nash
47%
Angie Baby | Delta Dawn | I Am Woman Helen Reddy
46%
Theme From Shaft Isaac Hayes
46%
Lady Marmalade LaBelle
46%
You're No Good Linda Ronstadt
46%
Without You Nilsson
46%
Candy Man Sammy Davis Jr
46%
Make It With You Bread
44%
Cat's In The Cradle Harry Chapin
44%
Everything Is Beautiful | The Streak Ray Stevens
43%
Alone Again (Naturally) Gilbert O'Sullivan
42%
Baby, Don't Get Hooked On Me Mac Davis
42%
Baby Come Back Player
42%
I Think I Love You The Partridge Family
42%
When I Need You | You Make Me Feel Like Dancing Leo Sayer
41%
You Light Up My Life Debby Boone
40%
Afternoon Delight Starland Vocal Band
40%
You Don't Bring Me Flowers Barbra Streisand & Neil Diamond
39%
Venus Shocking Blue
39%
Love Train The O'Jays
39%
Fallin' In Love Hamilton, Joe Frank & Reynolds
38%
Saturday Night Bay City Rollers
36%
Sundown Gordon Lightfoot
36%
Frankenstein The Edgar Winter Group
36%
Go Away Little Girl Donny Osmond
34%
Lovin' You Minnie Riperton
34%
One Bad Apple The Osmonds
34%
The Night The Lights Went Out In Georgia Vicki Lawrence
34%
Disco Duck Rick Dees & His Cast Of Idiots
33%
Ring My Bell Anita Ward
32%
Gonna Fly Now (Theme From Rocky) Bill Conti
32%
The Most Beautiful Girl Charlie Rich
32%
Bad Blood | Laughter In The Rain Neil Sedaka
32%
Reunited Peaches & Herb
32%
Brand New Key Melanie
30%
Car Wash Rose Royce
30%
Let Your Love Flow The Bellamy Brothers
29%
The Hustle Van McCoy & The Soul City Symphony
29%
Nothing From Nothing | Will It Go Round In Circles Billy Preston
28%
Hooked On A Feeling Blue Suede
28%
Fire | Love Rollercoaster Ohio Players
28%
If I Can't Have You Yvonne Elliman
27%
Convoy C.W McCall
26%
Da Doo Ron Ron Shaun Cassidy
26%
Oh Girl The Chi-Lites
26%
No More Tears (Enough Is Enough) Barbra Streisand & Donna Summer
25%
The Night Chicago Died Paper Lace
25%
(You're) Having My Baby Paul Anka & Odia Coates
25%
Best of My Love The Emotions
25%
Don't Give Up On Us Baby David Soul
24%
Welcome Back John Sebastian
24%
Indian Reservation (The Lament Of The Cherokee Reservation Indian) Paul Revere & The Raiders
24%
Pick Up The Pieces Average White Band
23%
The Morning After Maureen McGovern
22%
Rock Me Gently Andy Kim
21%
Rock The Boat The Hues Corporation
21%
I'll Take You There | Let's Do It Again The Staple Singers
21%
You Needed Me Anne Murray
20%
Star Wars Theme/ Cantina Band Meco
20%
Hot Child In The City Nick Gilder
20%
Show And Tell Al Wilson
19%
Boogie Oogie Oogie A Taste Of Honey
18%
Kiss You All Over Exile
18%
Before The Next Teardrop Falls Freddy Fender
18%
Rock Your Baby George McCrae
18%
Rise Herb Alpert
18%
Fly Robin Fly Silver Convention
18%
Don't Leave Me This Way Thelma Houston
18%
I Can Help Billy Swan
17%
Love's Theme Love Unlimited Orchestra
16%
TSOP MFSB & The Three Degrees
16%
Kiss And Say Goodbye The Manhattans
15%
Torn Between Two Lovers Mary MacGregor
14%
Undercover Angel Alan O'Day
13%
Keep On Truckin' Eddie Kendricks
13%
You Don't Have To Be A Star (To Be In My Show) Marilyn McCoo & Billy Davis Jr
13%
Brother Louie Stories
12%
Want Ads The Honey Cone
12%
Boogie Fever The Sylvers
12%
A Fifth Of Beethoven Walter Murphy & The Big Apple Band
12%
Then Came You Dionne Warwick & The Spinners
11%
Too Much, Too Little, Too Late Johnny Mathis & Deniece Williams
10%
Theme From S.W.A.T. Rhythm Heritage
8%
Billy, Don't Be A Hero Bo Donaldson & The Heywoods
6%
No matching quizzes found
Score Distribution
Percent of People with Each Score
Percentile by Number Answered
Your Score History
You have not taken this quiz